Humanities directory

Detalles Bibliográficos
Formato: Electrónico Revista
Lenguaje:inglés
Publicado: North Yorkshire, England : Social Sciences Directory, 2013-
Materias:
Acceso en línea:Full text available from Research Library: 01/01/2013 to 01/31/2014

MARC

LEADER 00000nas a2200000 i 4500
001 ssj0001365013
003 WaSeSS
005 20200512172242.0
006 m d
007 cr n
008 141028c20139999enkar p|s|||||| |0eng d
022 |a 2050-6171  |l 2050-6171 
035 |a (WaSeSS)ssj0001365013 
040 |a WaSeSS  |b eng  |c WaSeSS  |d WaSeSS 
050 4 |a AS559.A1 
222 0 |a Humanities directory 
245 0 0 |a Humanities directory  |h [electronic resource]. 
260 |a North Yorkshire, England :  |b Social Sciences Directory,  |c 2013- 
310 |a Annual 
362 1 |a Began with Volume 1, Number 1 (August 2013). 
506 |a License restrictions may limit access. 
588 |a Description based on: Volume 1, Number 1 (August 2013); title from article pdf (ProQuest, viewed Oct. 28, 2014). 
588 |a Latest issue consulted: Volume 2, Number 1 (February 2014) (viewed Oct. 28, 2014). 
650 0 |a Humanities  |v Periodicals. 
655 0 |a Electronic journals. 
856 4 0 |z Full text available from Research Library: 01/01/2013 to 01/31/2014  |u https://search.proquest.com/publication/2030073